The concept of law / (Record no. 427)
| 000 -LEADER | |
|---|---|
| fixed length control field | 01046cam a2200301 a 4500 |
| 001 - CONTROL NUMBER | |
| control field | 4918727 |
| 003 - CONTROL NUMBER IDENTIFIER | |
| control field | OSt |
| 005 - DATE AND TIME OF LATEST TRANSACTION | |
| control field | 20140116120827.0 |
| 008 - FIXED-LENGTH DATA ELEMENTS--GENERAL INFORMATION | |
| fixed length control field | 941020s1994 enk b 001 0 eng c |
| 010 ## - LIBRARY OF CONGRESS CONTROL NUMBER | |
| LC control number | 94221592 |
| 020 ## - INTERNATIONAL STANDARD BOOK NUMBER | |
| International Standard Book Number | 9780198761235 |
| 020 ## - INTERNATIONAL STANDARD BOOK NUMBER | |
| International Standard Book Number | 9780199644698 |
| 040 ## - CATALOGING SOURCE | |
| Original cataloging agency | MoSU-L |
| Transcribing agency | MoSU-L |
| Modifying agency | DLC |
| 042 ## - AUTHENTICATION CODE | |
| Authentication code | lcnccp |
| 050 00 - LIBRARY OF CONGRESS CALL NUMBER | |
| Classification number | K237.H37 1994 |
| 100 1# - MAIN ENTRY--PERSONAL NAME | |
| Personal name | Hart, H. L. A. |
| 245 14 - TITLE STATEMENT | |
| Title | The concept of law / |
| Statement of responsibility, etc | by H.L.A. Hart ; with a postscript edited by Penelope A. Bulloch and Joseph Raz. |
| 250 ## - EDITION STATEMENT | |
| Edition statement | 2nd ed. |
| 260 ## - PUBLICATION, DISTRIBUTION, ETC. (IMPRINT) | |
| Place of publication, distribution, etc | Oxford : |
| Name of publisher, distributor, etc | Oxford University Press, |
| Date of publication, distribution, etc | 1994. |
| 300 ## - PHYSICAL DESCRIPTION | |
| Extent | xii, 315 p. |
| 504 ## - BIBLIOGRAPHY, ETC. NOTE | |
| Bibliography, etc | Includes bibliographical references and index. |
| 650 #0 - SUBJECT ADDED ENTRY--TOPICAL TERM | |
| Topical term or geographic name as entry element | Jurisprudence |
| General subdivision | Methodology. |
| 650 #0 - SUBJECT ADDED ENTRY--TOPICAL TERM | |
| Topical term or geographic name as entry element | Law |
| General subdivision | Philosophy. |
| 856 42 - ELECTRONIC LOCATION AND ACCESS | |
| Materials specified | Publisher description |
| Uniform Resource Identifier | <a href="http://www.loc.gov/catdir/enhancements/fy0640/94221592-d.html">http://www.loc.gov/catdir/enhancements/fy0640/94221592-d.html</a> |
| 856 42 - ELECTRONIC LOCATION AND ACCESS | |
| Materials specified | Contributor biographical information |
| Uniform Resource Identifier | <a href="http://www.loc.gov/catdir/enhancements/fy0726/94221592-b.html">http://www.loc.gov/catdir/enhancements/fy0726/94221592-b.html</a> |
| 906 ## - LOCAL DATA ELEMENT F, LDF (RLIN) | |
| a | 7 |
| b | cbc |
| c | nccpada |
| d | u |
| e | ncip |
| f | 19 |
| g | y-gencatlg |
| 942 ## - ADDED ENTRY ELEMENTS (KOHA) | |
| Source of classification or shelving scheme | |
| Koha item type | Book |
| Withdrawn status | Lost status | Source of classification or shelving scheme | Damaged status | Not for loan | Home library | Current library | Shelving location | Date acquired | Source of acquisition | Total Checkouts | Full call number | Barcode | Date last seen | Date checked out | Copy number | Price effective from | Koha item type | Total Renewals |
|---|---|---|---|---|---|---|---|---|---|---|---|---|---|---|---|---|---|---|
| Riara University Library | Riara University Library | Short Loan | 19/10/2011 | Purchase | 24 | K237.H37 1994 | 439/11 | 22/09/2016 | 13/09/2016 | C.1 | 19/10/2011 | Book | ||||||
| Riara University Library | Riara University Library | 19/10/2011 | Purchase | 21 | K237.H37 1994 | 441/11 | 04/11/2016 | 03/11/2016 | C.2 | 19/10/2011 | Book | 2 | ||||||
| Riara University Library | Riara University Library | 28/01/2014 | Purchase | 9 | K237.H37 1994 | 440/11 | 07/06/2021 | 15/09/2016 | C.3 | 28/01/2014 | Book | 2 | ||||||
| Riara University Library | Riara University Library | 28/01/2014 | Purchase | 11 | K237.H37 2012 | 4495/14 | 26/02/2019 | 12/02/2019 | C.4 | 28/01/2014 | Book | 1 | ||||||
| Riara University Library | Riara University Library | 28/01/2014 | Purchase | 15 | K237.H37 2012 | 4494/14 | 21/04/2022 | 20/04/2022 | C.5 | 28/01/2014 | Book | 3 | ||||||
| Riara University Library | Riara University Library | 28/01/2014 | Purchase | 20 | K237.H37 2012 | 4493/14 | 24/10/2023 | 22/09/2023 | C.6 | 28/01/2014 | Book | 2 | ||||||
| Riara University Library | Riara University Library | 28/01/2014 | Purchase | 17 | K237.H37 2012 | 4492/14 | 20/02/2019 | 12/02/2019 | C.7 | 28/01/2014 | Book | 5 | ||||||
| Riara University Library | Riara University Library | 28/01/2014 | Purchase | 21 | K237.H37 2012 | 4491/14 | 21/04/2022 | 20/04/2022 | C.8 | 28/01/2014 | Book |
